Конкурсы всероссийского (федеральные и ведомственные) уровня; Библиотечное дело - XXI век; № 2

Bibliografische gegevens
Parent link:Библиотечное дело - XXI век: приложение к журналу "Библиотековедение".— , 2002-
№ 2.— 2004.— С. 243-253
Taal:Russisch
Gepubliceerd in: 2004
Reeks:Информационные ресурсы
Onderwerpen:
Formaat: Hoofdstuk
KOHA link:https://koha.lib.tpu.ru/cgi-bin/koha/opac-detail.pl?biblionumber=400304

MARC

LEADER 00000naa2a2200000 4500
001 400304
005 20231101065354.0
035 |a (RuTPU)RU\TPU\prd\42497 
035 |a RU\TPU\prd\42496 
090 |a 400304 
100 |a 20060406a2004 k y0rusy50 ca 
101 0 |a rus 
102 |a RU 
200 1 |a Конкурсы всероссийского (федеральные и ведомственные) уровня 
225 1 |a Информационные ресурсы  |i Справочные материалы 
461 0 |0 (RuTPU)RU\TPU\prd\7961  |t Библиотечное дело - XXI век  |o приложение к журналу "Библиотековедение"  |o научно-практический сборник  |d 2002- 
463 0 |0 (RuTPU)RU\TPU\prd\36071  |t № 2  |v С. 243-253  |d 2004 
610 1 |a информационные ресурсы 
610 1 |a справочные материалы 
610 1 |a библиотечное дело 
610 1 |a конкурсы 
610 1 |a всероссийский уровень 
610 1 |a федеральные конкурсы 
610 1 |a ведомственные конкурсы 
801 1 |a RU  |b 63413507  |c 20050527  |g PSBO 
801 2 |a RU  |b 63413507  |c 20060406  |g PSBO 
942 |c BK